000 00807nam a22002295i 4500
001 68837
003 ES-MaACL
005 20230906170356.0
007 t|
008 960830s1863 fr a ||||1| fre d
040 _aCAM
_bspa
_cCAM
100 1 _aGirardin, J. (
_d1803-1884)
_957234
245 1 0 _aTraité élémentire d'agriculture /
_cpar MM. J. Girardin et A. du Breuil.
250 _a2e. éd.
260 _aParis :
_bVictor Masson et fils :
_bGarnier frères,
_c1863 (
_fImp. Simon Racon et comp.)
300 _a2 v. (771; 647 p.) :
_bil. ;
_c18 cm.
490 1 _aBibliothèque de la ferme et des maisons de campagne
700 1 _aDu Breuil, Alphonse.
_945697
830 0 _aBibliothèque de la ferme et des maisons de campagne
_9230962
852 _aES-MaACL
_jC-12116-7
999 _c68837
_d68837